THE BROOKLYN MUSEUM REPORT ON THE 1993 SEASON OF FIELDWORK BY THE BROOKLYN MUSEUM EXPEDITION TO THE PRECINCT OF THE GODDESS MUT AT SOUTH KARNAK

محفوظ في:

التنسيق: كتاب

اللغة: Undetermined

منشور في: 1993

الوسوم: إضافة وسم

لا توجد وسوم, كن أول من يضع وسما على هذه التسجيلة!

رقم الطلب:

LEADER 00338nam a2200097Ia 4500
008 240503s9999||||xx |||||||||||||| ||und||
245 1 4 |a THE BROOKLYN MUSEUM  |b REPORT ON THE 1993 SEASON OF FIELDWORK BY THE BROOKLYN MUSEUM EXPEDITION TO THE PRECINCT OF THE GODDESS MUT AT SOUTH KARNAK 
264 1 |c 1993 
300 |a 207  |c 30 
942 |2 lcc  |c BK 
999 |c 58329  |d 58329